000 00653nam a2200217Ii 4500
001 798
003 CO-ViMGA
008 241108s9999||||xx |||||||||||||| ||und||
020 _a9589620167
040 _aCO-ViMGA
_bspa
_erda
_cCO-ViMGA
041 0 _aspa
082 0 4 _a927.59861 E76g
100 1 _aJOSE MARIA ESPINOSA
_948990
245 1 0 _aJosé María Espinosa :
_babanderado del siglo XIX
264 1 _a[Lugar de publicación no identificado] : El Áncora, 1998
300 _avolumen
336 _atext
_btxt
_2rdacontent
337 _aunmediated
_bn
_2rdamedia
338 _avolume
_bnc
_2rdacarrier
940 _aidficha_siabuc: 781. -- ficha_no_siabuc:798
999 _c43633
_d43633